000
00317nam a22001337a 4500
003
SGT
082
_a
954.03
_b
A21T
100
_a
TRIPATHI, SATYVRAT
245
_a
AAZAD KI SAURYAGATHA
260
_a
INDIA
_b
INDIRA GANDHI RASTRIYA KALA KENDRA
_c
2021
300
_a
118
650
_a
FREEDOM FIGHTERS
942
_2
ddc
_c
BK
999
_c
26142
_d
26142